000 01146nam a2200313 c 4500
999 _c93739
_d93739
003 BLK
005 20220602120103.0
008 180408b bul|||||r ||||||| ||bul||
010 _aKNG00098549000
020 _a978-954-9337-26-6
040 _aBLK
041 _aBUL
_cBUL
072 7 _2bullib
_aН84
_xБългарска художествена литература Н
080 _aБългарска литература
_b821.163.2
_x-32
_z821.163.2-32
100 1 _aДелчев, Петър
_eпърви автор
_9293955
139 _aДелчев, Петър
_bД 39
245 1 0 _aБалканска сюита
_bНовели по легенди
_cПетър Делчев.
257 _aBGR
260 _bСдружение Словото
_c2009
300 _a120 с.
_c20 см
380 _aX
500 _aПълното име на авт. е Петър Делчев Томов
659 _aН
852 _aЦб 250193
856 4 _qpdf
856 4 _qpdf
942 _cKNG
_n0
_03
944 _aCR
_c08.12.2010
_lф /
_kГеновева_Генчева
944 _aED
_c10.12.2010
_lф /
999 _d93739